000 00659nam a2200241 a 4500
001 nice12345678
003 IN_TiNIC
005 20260116015215.0
008 050524s1994 luna grp 000 0 eng
020 _a
_c100
082 0 0 _a297.8
_bROA
100 _aRoald, Anne Sofie
245 _aTarbiya
_b Education and Politics in Islamic Movements in Jordan & Malaysia
260 _aLund
_bLund University Sweden
_c1994
300 _a377p
500 _aincludes index and biblioraphy
505 2 _aTerms, Appendix, Bibliography, Vol.3
650 _aIslam-Movements
700 1 _aRoald, Anne Sofie
902 _bSRS
942 _cBK
999 _c18765
_d18765